Bad Batch Season 1 Characters Quiz - Statistics

General Stats
  • This quiz has been taken 284 times
    241 since last reset
  • The average score is 24 of 40
Answer Stats
Hint Answer % Correct
Leader of the Bad Batch Hunter
98%
Young clone who joined the Bad Batch Omega
96%
Strong Member of the Bad Batch Wrecker
96%
Ex-Captain of the 501st Captain Rex
94%
Bad Batch member who used to be part of Domino Squad Echo
94%
Brains of the Bad Batch Tech
94%
Bad Batch member who defects to the Empire Crosshair
93%
Emperor Sheev Palpatine
85%
Bounty hunter who captures Omega Cad Bane
84%
Jedi Padawan who escapes Caleb Dume
81%
Bounty hunter Fennec Shand
79%
Onderon rebel Saw Gerrera
74%
Young Twilek Hera Syndulla
73%
High-ranking Imperial officer Wilhuff Tarkin
70%
Twilek general who fought in the Clone Wars Cham Syndulla
68%
Jedi master killed in Order 66 Depa Billaba
68%
The Bad Batch’s droid Gonky
67%
Prime minister of Kamino Lama Su
66%
Kaminoan scientist Nala Se
66%
Hera’s droid Chopper
65%
Clone defector with a family Cut Lawquane
60%
Jedi informant who helps the Bad Batch Cid
55%
Droid friend of Omega AZ1-3
53%
Clone commando who deserts the Empire Gregor
50%
Clone captain situated on Ryloth Captain Howzer
48%
Imperial officer who implemented chain code system Vice Admiral Rampart
47%
Kaminoan killed by Fennec Shand Taun We
46%
Cad Bane’s droid Todo 360
46%
Twilek who works for Jabba the Hutt Bib Fortuna
43%
Hera’s mother Eleni Syndulla
42%
Rebel who wanted the tactical droid Trace Martez
42%
Rebel who wanted the tactical droid Rafa Martez
41%
Above’s wife Suu Lawquane
41%
Senator of Ryloth Orn Free Taa
39%
Child rancor Muchi
36%
Clone trooper who killed Depa Billaba Captain Grey
32%
Senator for Raxus Avi Singh
24%
Cham’s right hand man Gobi Glie
22%
Crime boss who makes a deal with the Pykes Roland Durand
22%
Above’s droid GS-8
14%
No matching quizzes found
Score Distribution
Percent of People with Each Score
Percentile by Number Answered
Your Score History
You have not taken this quiz since the last reset